000 00995nam a2200301 a 4500
008
020 _a9780128045718 (paperback)
040 _aNUST
_cNUST
049 _aMAIN
090 _aRA427
_bTUL
100 1 _aTulchinsky, Theodore H.,
_aauthor.
245 1 0 _aCase studies in public health/
_c Theodore H Tulchinsky & M Joan Bickford foreword by Walter A Orenstein.
260 _aLondon :
_bAcademic Press,
_c2018.
300 _axxvi, 577 pages :
_billustrations ;
_c23 cm.
336 _atext
_btxt
_2rdacontent
337 _aunmediated
_bn
_2rdamedia
338 _avolume
_bnc
_2rdacarrier
500 _aIncludes index.
504 _aIncludes bibliographical references.
650 1 _aPublic health.
650 _aMedicine, preventive.
700 _aBickford, M Joan.,
_aauthor.
700 _aOrenstein, Walter A.,
_aauthor.
907 _a.b10401362
_b29-04-21
_c26-04-21
003
005 20230123141153.0
942 _cBOOKS
_kRA427
_mTUL
999 _c168868
_d168868